20 titres les plus écoutés de Eminem - Statistiques

Statistiques générales
  • Ce quiz a été pris 63 fois
  • Le résultat moyen est 10 sur 20
Statistiques - réponses
Nb. d'écoutes Album Notes % Correct
+ 2 834 000 000 8 Mile Soundtrack Lose Yourself
85%
+ 1 454 000 000 The Marshall Mathers LP Stan
78%
+ 2 406 000 000 The Marshall Mathers LP The Real Slim Shady
78%
+ 2 994 000 000 The Eminem Show Without Me
73%
+ 2 414 000 000 Encore Mockingbird
71%
+ 1 375 000 000 The Marshall Mathers LP 2 The Monster
63%
+ 749 000 000 The Slim Shady LP My Name Is
61%
+ 1 859 000 000 Music To Be Murdered By Godzilla (feat. Juice WRLD)
58%
+ 1 330 000 000 The Eminem Show Superman
56%
+ 1 261 000 000 The Marshall Mathers LP 2 Rap God
51%
+ 1 281 000 000 Recovery Not Afraid
47%
+ 2 141 000 000 Recovery Love The Way You Lie
42%
+ 941 000 000 Kamikaze Venom
42%
+ 2 443 000 000 The Eminem Show Till I Collapse
41%
+ 1 051 000 000 2001 Forgot About Dre Dr. Dre & Eminem
36%
+ 1 617 000 000 Konvicted Smack That Akon & Eminem
36%
+ 744 000 000 The Death of Slim Shady (Coup de Grâce) Houdini
32%
+ 756 000 000 Single Forever Drake, Kanye West, Lil Wayne & Eminem
22%
+ 932 000 000 Revival River (feat. Ed Sheeran)
22%
+ 788 000 000 Kamikaze Lucky You (feat.Joyner Lucas)
19%
Aucun quiz correspondant
Distribution des résultats
% des personnes avec chaque résultat
Percentile par nombre de réponses
Votre historique - résultats
Vous n’avez pas pris ce quiz